00389nam a2200145Ia 4500008004100000040001900041041001200060082002200072100001500094245004000109260003900149300001900188650002000207850001600227131103s9999 xx 000 0 und d aLoreto College aEnglish aF/SUYbLCBED/9185 aSuyin, Han a...And the rain my drinkcHan Suyin aHarmondsworthbPenguin Booksc1961 a256p. c 21cm. aEnglish fiction aLCBED/F/SUY